[Event "IND-chB (Women) 38th"]
[Site "Chennai"]
[Date "2011.07.03"]
[Round "2"]
[White "Ghosh, Mili"]
[Black "Akshaya, A."]
[Result "0-1"]
[WhiteElo "1801"]
[BlackElo "1966"]
[PlyCount "78"]
[EventDate "2011.07.02"]
[EventType "swiss"]
[EventRounds "11"]
[EventCountry "IND"]
[SourceTitle "CBM 143 Extra"]
[Source "ChessBase"]
[SourceDate "2011.08.29"]
[SourceVersion "1"]
[SourceVersionDate "2011.08.29"]
[SourceQuality "1"]

1. e4 e5 2. Nf3 Nc6 3. Bc4 Be7 4. d4 d6 5. d5 Nb8 6. Bd3 Nf6 7. h3 c6 8. c4 0-0 9. 0-0 Na6 10. Nc3 Ne8 11. g4 h5 12. Nh2 Bg5 13. f4 exf4 14. Kh1 hxg4 15. hxg4 g6 16. Qf3 Kg7 17. Bxf4 Bxf4 18. Qxf4 Nc5 19. Bc2 Nd7 20. g5 Ne5 21. c5 Qe7 22. cxd6 Qxd6 23. Rad1 f6 24. dxc6 fxg5 25. Qxg5 Rxf1+ 26. Nxf1 Qe6 27. Nh2 bxc6 28. Bb3 Qf6 29. Qg3 Ba6 30. Ng4 Nxg4 31. Rd7+ Kh6 32. Qxg4 Qf1+ 33. Kh2 Qf2+ 34. Qg2 Qxg2+ 35. Kxg2 Kg5 36. e5 Kf5 37. e6 Nf6 38. Rc7 Ke5 39. Rf7 c5 0-1

[Event "IND-chB (Women) 34th"]
[Site "Hyderabad"]
[Date "2007.05.21"]
[Round "?"]
[White "Anuprita, Patil"]
[Black "Ghosh, Mili"]
[Result "1/2-1/2"]
[WhiteElo "2099"]
[BlackElo "1981"]
[PlyCount "26"]
[EventDate "2007.05.21"]
[EventType "swiss"]
[EventRounds "11"]
[EventCountry "IND"]
[SourceTitle "EXT 2010"]
[Source "ChessBase"]
[SourceDate "2010.11.25"]
[SourceVersion "1"]
[SourceVersionDate "2010.11.25"]
[SourceQuality "1"]

1. e4 e5 2. Nf3 Nc6 3. d4 exd4 4. Bc4 Bb4+ 5. c3 dxc3 6. 0-0 Nge7 7. a3 Bc5 8. b4 c2 9. Qxc2 Bd4 10. Nxd4 Nxd4 11. Qd2 0-0 12. Bb2 b5 13. Bd3 Nec6 1/2-1/2

[Event "IND-chB (Women) 34th"]
[Site "Hyderabad"]
[Date "2007.05.21"]
[Round "?"]
[White "Ghosh, Mili"]
[Black "Harini, S."]
[Result "0-1"]
[WhiteElo "1981"]
[BlackElo "2000"]
[PlyCount "54"]
[EventDate "2007.05.21"]
[EventType "swiss"]
[EventRounds "11"]
[EventCountry "IND"]
[SourceTitle "EXT 2010"]
[Source "ChessBase"]
[SourceDate "2010.11.25"]
[SourceVersion "1"]
[SourceVersionDate "2010.11.25"]
[SourceQuality "1"]

1. e4 c5 2. Nc3 Nc6 3. g3 g6 4. Bg2 Bg7 5. d3 d6 6. Be3 e5 7. Qd2 Nd4 8. Nce2 Ne7 9. c3 Nxe2 10. Nxe2 0-0 11. Bh6 d5 12. Bxg7 Kxg7 13. d4 dxe4 14. Bxe4 f5 15. Bc2 Qd5 16. 0-0-0 cxd4 17. cxd4 Qxa2 18. dxe5 Qa1+ 19. Bb1 Be6 20. Qd6 Rac8+ 21. Nc3 Kf7 22. Kc2 Qa4+ 23. Kc1 Nd5 24. Bc2 Rxc3 25. bxc3 Qa1+ 26. Bb1 Qxc3+ 27. Bc2 Rc8 0-1

[Event "IND-chB (Women) 34th"]
[Site "Hyderabad"]
[Date "2007.05.21"]
[Round "?"]
[White "Ghosh, Mili"]
[Black "Shristi, J Shetty"]
[Result "1-0"]
[WhiteElo "1981"]
[BlackElo "1904"]
[PlyCount "135"]
[EventDate "2007.05.21"]
[EventType "swiss"]
[EventRounds "11"]
[EventCountry "IND"]
[SourceTitle "EXT 2010"]
[Source "ChessBase"]
[SourceDate "2010.11.25"]
[SourceVersion "1"]
[SourceVersionDate "2010.11.25"]
[SourceQuality "1"]

1. e4 c5 2. Nc3 Nc6 3. g3 e6 4. Bg2 d6 5. d3 g6 6. Be3 Bg7 7. Qd2 a6 8. Nge2 Nge7 9. Bh6 0-0 10. h4 f6 11. Bxg7 Kxg7 12. f4 h5 13. 0-0-0 d5 14. d4 cxd4 15. Nxd4 dxe4 16. Nxe4 Nxd4 17. Qxd4 Qxd4 18. Rxd4 Nf5 19. Rd3 Rb8 20. Rhd1 b6 21. Nd6 Nxd6 22. Rxd6 Re8 23. Rc6 Kf8 24. Rc7 Kg8 25. Bc6 Rf8 26. Rd6 b5 27. Bd7 a5 28. Bxe6+ Bxe6 29. Rxe6 Rbc8 30. Rb7 Rb8 31. Rxb8 Rxb8 32. Rxf6 Kg7 33. Ra6 a4 34. b3 axb3 35. axb3 Rb7 36. Rc6 b4 37. Rd6 Kf7 38. Kd2 Kg7 39. Kd3 Rc7 40. Kd2 Rb7 41. c4 bxc3+ 42. Kxc3 Kf7 43. Kc4 Rc7+ 44. Kb5 Rb7+ 45. Ka4 Ra7+ 46. Kb5 Rb7+ 47. Rb6 Re7 48. Kc4 Re3 49. Rb7+ Ke6 50. Rb6+ Kf7 51. Rd6 Rxg3 52. b4 Rg4 53. Rd4 Rxh4 54. b5 Rh1 55. b6 Rb1 56. Kc5 h4 57. Kc6 h3 58. Rd2 Rc1+ 59. Kd7 Rb1 60. Kc7 Rc1+ 61. Kb8 Rc4 62. Rf2 Rc3 63. b7 Ke7 64. Ra2 Kd7 65. Ka8 h2 66. Rxh2 Ra3+ 67. Kb8 Rb3 68. Rg2 1-0